| 000 | 00454nam a2200181Ia 4500 | ||
|---|---|---|---|
| 003 | OSt | ||
| 005 | 20260306124430.0 | ||
| 008 | 230411s9999 xx 000 0 und d | ||
| 020 | _a978-93-5152-666-7 | ||
| 041 | _aeng | ||
| 082 | _aP/618/SHA/B09473 | ||
| 100 |
_aSharma Rimple _9179492 |
||
| 245 | _aEssentials of Pediatric Nursing | ||
| 260 |
_bJaypee Brothers _aNew Delhi _c2021 |
||
| 300 | _a493p | ||
| 942 |
_2ddc _cBK |
||
| 999 |
_c158552 _d158552 |
||